Andy Warhol : the day the Factory died /

Bibliographic Details
Main Author: Von Hohenberg, Christophe
Other Authors: Scheips, Charlie
Format: Book
Language:English
Published: New York, NY : Empire Editions : 2006.
Edition:1st ed.
Subjects:

MARC

Tag First Indicator Second Indicator Subfields
LEADER 00000cam a2200000Ia 4500
001 in00002217536
005 20151104115241.0
008 061026s2006 nyuab 000 0beng d
020 |a 0977900819 
020 |a 9780977900817 
029 1 |a YDXCP  |b 2440104 
035 |a (OCoLC)ocm74444055 
035 |a (OCoLC)74444055 
040 |a NPL  |c NPL  |d BAKER  |d CPL  |d YDXCP  |d UtOrBLW 
043 |a n-us---  |a n-us-ny 
049 |a TXAM 
090 |a N6537.W28  |b V66 2006 
092 0 |a 709.2  |2 22 
100 1 |a Von Hohenberg, Christophe. 
245 1 0 |a Andy Warhol :  |b the day the Factory died /  |c [photographs by] Christophe von Hohenberg ; [text by] Charlie Scheips ; foreword by Anthony Haden-Guest. 
246 3 0 |a Day the Factory died 
250 |a 1st ed. 
264 1 |a New York, NY :  |b Empire Editions :  |c 2006. 
264 2 |a New York, NY :  |b Distributed by Prestel Pub., 
300 |a 1 volume (unpaged) :  |b chiefly illustrations (some color), portraits ;  |c 22 cm. 
336 |a text  |b txt  |2 rdacontent 
337 |a unmediated  |b n  |2 rdamedia 
338 |a volume  |b nc  |2 rdacarrier 
500 |a Chiefly photographs taken at the memorial service for Andy Warhol, Apr. 1, 1987, New York. 
600 1 0 |a Warhol, Andy,  |d 1928-1987  |x Death and burial. 
700 1 |a Scheips, Charlie. 
938 |a Baker & Taylor  |b BKTY  |c 45.00  |d 33.75  |i 0977900819  |n 0006845366  |s active 
938 |a YBP Library Services  |b YANK  |n 2440104 
945 |a PromptCat  |b 30441 
946 |a stk 
947 |a A14835483183 
948 |a cataloged  |b h  |c 2007/1/3  |d c  |e jgreene  |f 4:55:00 pm 
994 |a 92  |b TXA 
999 |a MARS 
999 f f |s 8c4b10c0-f379-3d83-a268-527320a200bd  |i 86db0c7e-7626-3aaa-b6c6-56f47e7b88dc  |t 0 
952 f f |p normal  |a Texas A&M University  |b College Station  |c Sterling C. Evans Library  |d Evans: Library Stacks  |t 0  |e N6537.W28 V66 2006  |h Library of Congress classification  |i unmediated -- volume  |m A14835483183 
998 f f |a N6537.W28 V66 2006  |t 0  |l Evans: Library Stacks